00650nam a22001817a 450000500170000001000150001702000270003203500140005903700090007308200170008224500260009926000700012527000640019530000200025994200340027999900190031395201360033220240327130124.0 aENG-139960 a9788193585702c2500.00 aEN-123492 bDBAD a363.20595435 aAn Indelible Journey/ aHyderabadbSardar Vallahbhai Patel National Police Academy c2017 bHyderabadaSardar Vallahbhai Patel National Police Academy  a289p.c32cm(hb) 2ddccENh363.20595435mINDe1 c201806d201806 001040718REFaAVbAVd2024-03-27eDBADg2500.00l0o363.20595435 INDpEN-123492r2024-03-27 00:00:00t1v2500.00w2024-03-27yEN